Hibázások és hátterük Apor-kódex /

Elmentve itt :
Bibliográfiai részletek
Szerző: Haader Lea
Testületi szerző: A nyelvtörténeti kutatások újabb eredményei (8.)
Dokumentumtípus: Könyv része
Megjelent: Szegedi Tudományegyetem Magyar Nyelvészeti Tanszék Szeged 2015
Sorozat:A nyelvtörténeti kutatások újabb eredményei 8
Kulcsszavak:Kódex - magyar - 15. sz., Nyelvemlék - magyar - 15. sz., Magyar nyelvemlékek, Nyelvtudomány, Nyelvtörténet - magyar, Nyelvészet - történeti
Tárgyszavak:
Online Access:http://acta.bibl.u-szeged.hu/54557
LEADER 00985naa a2200217 i 4500
001 acta54557
005 20230615092827.0
008 180718s2015 hu o 1|| hun d
020 |a 963 482 366 1 
040 |a SZTE Egyetemi Kiadványok Repozitórium  |b hun 
041 |a hun 
100 1 |a Haader Lea 
245 1 0 |a Hibázások és hátterük   |h [elektronikus dokumentum] :  |b Apor-kódex /  |c  Haader Lea 
260 |a Szegedi Tudományegyetem Magyar Nyelvészeti Tanszék  |b Szeged  |c 2015 
300 |a 65-79 
490 0 |a A nyelvtörténeti kutatások újabb eredményei  |v 8 
650 4 |a Bölcsészettudományok 
650 4 |a Nyelvek és irodalom 
695 |a Kódex - magyar - 15. sz., Nyelvemlék - magyar - 15. sz., Magyar nyelvemlékek, Nyelvtudomány, Nyelvtörténet - magyar, Nyelvészet - történeti 
711 |a A nyelvtörténeti kutatások újabb eredményei (8.)  |c Szeged  |d 2014. április 3-4. 
856 4 0 |u http://acta.bibl.u-szeged.hu/54557/1/nyelvtort_008_065-079.pdf  |z Dokumentum-elérés